000 00323 a2200145 4500
001 174933
020 _a
040 _cMagnum
100 _a-
240 1 0 _aCantos e cantigas pra cantar em todo canto
_lpor
245 1 0 _aCantos e cantigas pra cantar em todo canto
362 0 _a1899
697 _aIJ/GERAL
942 _cBK
999 _c174933
_d174933